000 02545cam a2200565Mi 4500
001 on1125350464
003 OCoLC
005 20200320222706.0
008 190927t20192019nyua j 000 1 eng d
020 _a0593126920
_q(paperback)
020 _a9780593126929
_q(paperback)
020 _a9780593126936
_q(lib. bdg.)
020 _a0593126939
_q(lib. bdg.)
035 _a(OCoLC)1125350464
040 _aB@L
_beng
_erda
_cB@L
_dOCLCO
_dWACOL
049 _aWACL
092 _ajunior fiction
_bFra
100 1 _aFrancis, Suzanne
_95809153
245 1 0 _aDisney Frozen II :
_bthe enchanted forest /
_cadapted by Suzanne Francis ; illustrated by the Disney Storybook Art Team.
246 3 _aDisney Frozen 2 :
_bthe enchanted forest
246 3 _aDisney Frozen two :
_bthe enchanted forest
246 3 _aFrozen II :
_bthe enchanted forest
246 3 _aFrozen 2 :
_bthe enchanted forest
246 3 _aFrozen two :
_bthe enchanted forest
246 3 _aEnchanted forest
246 1 _iAt head of title:
_aDisney Frozen II
264 1 _aNew York :
_bRandom House Children's Books,
_c[2019]
264 4 _c©2019
300 _a141 pages :
_billustrations ;
_c20 cm.
336 _atext
337 _aunmediated
338 _avolume
520 _a"A mysterious voice calls Elsa to the Enchanted Forest! Despite the danger, Elsa feels compelled to follow the voice that beckons her, but she won't be alone. Her brave sister, Anna, and their friends Kristoff, Sven, and Olaf the snowman accompany her on a magic-filled adventure that will determine the fate of the kingdom of Arendelle." --
_cPage [4] of cover.
521 _ajunior fiction
_bpenworthy
650 0 _aQueens
_vJuvenile fiction.
_95674653
650 0 _aSisters
_vJuvenile fiction.
_95674652
650 0 _aMagic
_vJuvenile fiction.
_95673690
650 0 _aQuests (Expeditions)
_vJuvenile fiction.
_95675013
655 7 _aFantasy fiction.
_2lcgft
_96015994
655 7 _aAction and adventure fiction.
_2lcgft
_96015995
655 7 _aNovelizations.
_2lcgft
_95803275
700 1 _aFrancis, Suzanne,
_eauthor.
_95809153
710 2 _aDisney Storybook Artists,
_eillustrator.
_951522
710 2 _aDisney Enterprises (1996- ),
_eissuing body.
_950151
730 0 _iAdaptation of (expression):
_aFrozen II (Motion picture)
_95809154
942 _cBOOK
_04
948 _a12/03/2019
_b12/03/2019
_zSirsi
994 _aC0
_bWACOL
996 _a172510
_b34301001600594
_cJ
_dbk
_ewcl
_fo
_g4
_h18.96
_lpenworthy
_mFra
_p12/03/2019
_q03/04/2020
_r03/05/2020
999 _c323123
_d323123